Name these Man City Players - Statistics

General Stats
  • This quiz has been taken 24 times
  • The average score is 11 of 17
Answer Stats
Picture Answer % Correct
Alex Greenwood
94%
Lauren Hemp
94%
Chloe Kelly
89%
Jill Roord
83%
Khadija Shaw
83%
Ellie Roebuck
78%
Alanna Kennedy
72%
Esme Morgan
72%
Khiara Keating
72%
Steph Houghton
72%
Kerstin Casparij
61%
Laia Aleixandri
61%
Mary Fowler
61%
Gareth Taylor
50%
Laura Coombs
44%
Yui Hasegawa
33%
Filippa Angeldahl
6%
No matching quizzes found
Score Distribution
Percent of People with Each Score
Percentile by Number Answered
Your Score History
You have not taken this quiz